<?xml version="1.0" encoding="UTF-8"?>
<record
    xmlns:xsi="http://www.w3.org/2001/XMLSchema-instance"
    xsi:schemaLocation="http://www.loc.gov/MARC21/slim http://www.loc.gov/standards/marcxml/schema/MARC21slim.xsd"
    xmlns="http://www.loc.gov/MARC21/slim">

  <leader>01444nam0a2200349 i 4500</leader>
  <controlfield tag="001">RU\NLR\bibl\1923280</controlfield>
  <controlfield tag="005">20240921123102.0</controlfield>
  <datafield tag="010" ind1=" " ind2=" ">
    <subfield code="a">9785699569984</subfield>
    <subfield code="9">7000</subfield>
  </datafield>
  <datafield tag="021" ind1=" " ind2=" ">
    <subfield code="a">RU</subfield>
    <subfield code="b">2012-45690</subfield>
    <subfield code="9">275&#x434;/12</subfield>
  </datafield>
  <datafield tag="035" ind1=" " ind2=" ">
    <subfield code="a">(nilc)LIBNET\0000284118</subfield>
  </datafield>
  <datafield tag="035" ind1=" " ind2=" ">
    <subfield code="a">(NLR Aleph) 001912715</subfield>
  </datafield>
  <datafield tag="090" ind1=" " ind2=" ">
    <subfield code="a">3198358</subfield>
    <subfield code="c">3198358</subfield>
  </datafield>
  <datafield tag="100" ind1=" " ind2=" ">
    <subfield code="a">20121022d2012    u  y0rusy50      ca</subfield>
  </datafield>
  <datafield tag="101" ind1="0" ind2=" ">
    <subfield code="a">rus</subfield>
  </datafield>
  <datafield tag="102" ind1=" " ind2=" ">
    <subfield code="a">RU</subfield>
  </datafield>
  <datafield tag="105" ind1=" " ind2=" ">
    <subfield code="a">a   |||||||||</subfield>
  </datafield>
  <datafield tag="200" ind1="1" ind2=" ">
    <subfield code="a">&#x414;&#x43E;&#x43C;&#x430;&#x448;&#x43D;&#x44F;&#x44F; &#x43A;&#x43E;&#x43B;&#x431;&#x430;&#x441;&#x430;, &#x431;&#x443;&#x436;&#x435;&#x43D;&#x438;&#x43D;&#x430; &#x438; &#x434;&#x440;&#x443;&#x433;&#x438;&#x435; &#x43A;&#x43E;&#x43F;&#x447;&#x435;&#x43D;&#x44B;&#x435; &#x438; &#x441;&#x43E;&#x43B;&#x435;&#x43D;&#x44B;&#x435; &#x431;&#x43B;&#x44E;&#x434;&#x430;</subfield>
  </datafield>
  <datafield tag="210" ind1=" " ind2=" ">
    <subfield code="a">&#x41C;&#x43E;&#x441;&#x43A;&#x432;&#x430;</subfield>
    <subfield code="c">&#x42D;&#x43A;&#x441;&#x43C;&#x43E;</subfield>
    <subfield code="d">2012</subfield>
  </datafield>
  <datafield tag="215" ind1=" " ind2=" ">
    <subfield code="a">126, [2] &#x441;.</subfield>
    <subfield code="c">&#x438;&#x43B;.</subfield>
    <subfield code="d">20</subfield>
  </datafield>
  <datafield tag="225" ind1="1" ind2=" ">
    <subfield code="a">&#x41C;&#x43E;&#x44F; &#x43A;&#x443;&#x43B;&#x438;&#x43D;&#x430;&#x440;&#x43D;&#x430;&#x44F; &#x431;&#x438;&#x431;&#x43B;&#x438;&#x43E;&#x442;&#x435;&#x447;&#x43A;&#x430;</subfield>
  </datafield>
  <datafield tag="300" ind1=" " ind2=" ">
    <subfield code="a">&#x41D;&#x430; &#x43E;&#x431;&#x43E;&#x440;&#x43E;&#x442;&#x435; &#x442;&#x438;&#x442;.&#x43B;. &#x432; &#x43C;&#x430;&#x43A;&#x435;&#x43A;&#x442;&#x435; &#x441;&#x435;&#x440;.: &#x41A;&#x443;&#x43B;&#x438;&#x43D;&#x430;&#x440;&#x438;&#x44F;. &#x41C;&#x43E;&#x44F; &#x43A;&#x443;&#x43B;&#x438;&#x43D;&#x430;&#x440;&#x43D;&#x430;&#x44F; &#x431;&#x438;&#x431;&#x43B;&#x438;&#x43E;&#x442;&#x435;&#x43A;&#x430;</subfield>
  </datafield>
  <datafield tag="606" ind1="1" ind2=" ">
    <subfield code="a">&#x41F;&#x438;&#x449;&#x435;&#x432;&#x44B;&#x435; &#x43F;&#x440;&#x43E;&#x434;&#x443;&#x43A;&#x442;&#x44B;</subfield>
    <subfield code="x">&#x41F;&#x43E;&#x441;&#x43E;&#x43B;</subfield>
    <subfield code="9">2183851</subfield>
    <subfield code="3">RU\NLR\auth\661313087</subfield>
  </datafield>
  <datafield tag="606" ind1="1" ind2=" ">
    <subfield code="a">&#x41F;&#x438;&#x449;&#x435;&#x432;&#x44B;&#x435; &#x43F;&#x440;&#x43E;&#x434;&#x443;&#x43A;&#x442;&#x44B;</subfield>
    <subfield code="x">&#x41A;&#x43E;&#x43F;&#x447;&#x435;&#x43D;&#x438;&#x435;</subfield>
    <subfield code="9">1363226</subfield>
    <subfield code="3">RU\NLR\auth\66570529</subfield>
  </datafield>
  <datafield tag="606" ind1="1" ind2=" ">
    <subfield code="a">&#x41F;&#x438;&#x449;&#x435;&#x432;&#x44B;&#x435; &#x43F;&#x440;&#x43E;&#x434;&#x443;&#x43A;&#x442;&#x44B;</subfield>
    <subfield code="x">&#x422;&#x435;&#x43F;&#x43B;&#x43E;&#x432;&#x430;&#x44F; &#x43E;&#x431;&#x440;&#x430;&#x431;&#x43E;&#x442;&#x43A;&#x430;</subfield>
    <subfield code="9">1070172</subfield>
    <subfield code="3">RU\NLR\auth\6698172</subfield>
  </datafield>
  <datafield tag="686" ind1=" " ind2=" ">
    <subfield code="a">36.997</subfield>
    <subfield code="v">LBC/RL</subfield>
    <subfield code="2">rubbk</subfield>
  </datafield>
  <datafield tag="686" ind1=" " ind2=" ">
    <subfield code="a">&#x41B;997</subfield>
  </datafield>
  <datafield tag="801" ind1=" " ind2="0">
    <subfield code="a">RU</subfield>
    <subfield code="b">&#x412;&#x43B;&#x430;&#x434;&#x438;&#x43C;&#x438;&#x440;&#x441;&#x43A;&#x430;&#x44F; &#x41E;&#x423;&#x41D;&#x411;</subfield>
    <subfield code="c">20121022</subfield>
    <subfield code="g">rcr</subfield>
  </datafield>
  <datafield tag="801" ind1=" " ind2="1">
    <subfield code="a">RU</subfield>
    <subfield code="b">&#x412;&#x43B;&#x430;&#x434;&#x438;&#x43C;&#x438;&#x440;&#x441;&#x43A;&#x430;&#x44F; &#x41E;&#x423;&#x41D;&#x411;</subfield>
    <subfield code="c">20121022</subfield>
    <subfield code="g">rcr</subfield>
    <subfield code="2">rusmarc</subfield>
  </datafield>
  <datafield tag="801" ind1=" " ind2="2">
    <subfield code="a">RU</subfield>
    <subfield code="b">NLR</subfield>
    <subfield code="c">20120711</subfield>
    <subfield code="g">rcr</subfield>
  </datafield>
  <datafield tag="942" ind1=" " ind2=" ">
    <subfield code="c">BOOK</subfield>
  </datafield>
  <datafield tag="980" ind1=" " ind2=" ">
    <subfield code="a">NBR</subfield>
  </datafield>
</record>
